LEADER 02816nam 22006133u 450 001 9910456130403321 005 20210108063116.0 010 $a1-280-18336-5 010 $a9786610183364 010 $a0-309-50079-6 035 $a(CKB)111069351128634 035 $a(EBL)3375351 035 $a(SSID)ssj0000229506 035 $a(PQKBManifestationID)11947170 035 $a(PQKBTitleCode)TC0000229506 035 $a(PQKBWorkID)10172347 035 $a(PQKB)10441817 035 $a(MiAaPQ)EBC3375351 035 $a(EXLCZ)99111069351128634 100 $a20170301d2002|||| u|| | 101 0 $aeng 135 $aur|n|---||||| 181 $ctxt 182 $cc 183 $acr 200 10$aProtecting Our Forces$b[electronic resource] $eImproving Vaccine Acquisition and Availability in the U. S. Military 210 $aWashington $cNational Academies Press$d2002 215 $a1 online resource (157 p.) 300 $aDescription based upon print version of record. 311 $a0-309-08499-7 327 $a""Front Matter""; ""Preface""; ""Acknowledgments""; ""Reviewers""; ""Contents""; ""Boxes, Figures, and Tables""; ""Abbreviations and Acronyms""; ""Executive Summary""; ""1 Introduction and History""; ""2 Resources, Responsibilities, and Dynamics in the Militarya???s Vaccine Mission""; ""3 Current Status of Vaccines for Military Personnel""; ""4 Recommendations with Accompanying Analysis of Limitations Imposed by Current Department of Defense Structure for Managing Acquisition of Vaccines Against Infectious Diseases""; ""References"" 327 $a""Appendix A Urgent Attention Needed to Restore Lapsed Adenovirus Vaccine Availability""""Appendix B Open Meeting Agendas""; ""Appendix C Committee and Staff Biographies"" 606 $aMass Vaccination$xorganization & administration 606 $aCommunicable Disease Control$xorganization & administration 606 $aMilitary Medicine 606 $aVaccines$xsupply & distribution 607 $aUnited States 608 $aElectronic books. 615 12$aMass Vaccination$xorganization & administration. 615 12$aCommunicable Disease Control$xorganization & administration. 615 22$aMilitary Medicine. 615 22$aVaccines$xsupply & distribution. 676 $a355.3450973 700 $aStaff$b Institute of Medicine$0893223 701 $aLemon$b Stanley M$0885907 701 $aFisseha$b Salem$01053096 712 02$aInstitute of Medicine (U.S.) Committee on a Strategy for Minimizing the Impact of Naturally Occurring Infectious Diseases of Military Importance: Vaccine Issues in the U.S. Military. 801 0$bAU-PeEL 801 1$bAU-PeEL 801 2$bAU-PeEL 906 $aBOOK 912 $a9910456130403321 996 $aProtecting Our Forces$92484786 997 $aUNINA LEADER 01633nam 2200373 n 450 001 996390056903316 005 20221107222600.0 035 $a(CKB)4940000000103365 035 $a(EEBO)2264207964 035 $a(UnM)99846609e 035 $a(UnM)99846609 035 $a(EXLCZ)994940000000103365 100 $a19911101d1600 uy | 101 0 $aeng 135 $aurbn||||a|bb| 200 04$aThe most excellent historie of the merchant of Venice$b[electronic resource] $eVVith the extreame crueltie of Shylocke the Iewe towards the sayd merchant, in cutting a iust pound of his flesh: and the obtayning of Portia by the choyse of three chests. As it hath beene diuers times acted by the Lord Chamberlaine his Seruants. Written by William Shakespeare 210 $aAt London $cPrinted by I[ames] R[oberts] for Thomas Heyes, and are to be sold in Paules Church-yard, at the signe of the Greene Dragon$d1600 215 $a[76] p 300 $aMostly in verse. 300 $aPrinter's name from STC. 300 $aSignatures: A-I? KČ . 300 $aRunning title reads: The comicall historie of the merchant of Venice. 300 $aReproductions of the originals in the Henry E. Huntington Library and Art Gallery. 300 $aAppears at reel 340 (Huntington copy 59956) and at reel 538 (copy 59553). 330 $aeebo-0113 700 $aShakespeare$b William$f1564-1616.$0132200 801 0$bCu-RivES 801 1$bCu-RivES 801 2$bCStRLIN 801 2$bWaOLN 906 $aBOOK 912 $a996390056903316 996 $aThe most excellent historie of the merchant of Venice$92304175 997 $aUNISA